[Event "World ol U16"]
[Site "Eindhoven"]
[Date "2023.08.17"]
[Round "7.28"]
[White "Bootsumran, Sirin"]
[Black "Yan, Weilun"]
[Result "0-1"]
[WhiteElo "1374"]
[BlackElo "1407"]
[PlyCount "103"]
[EventDate "2023.08.13"]
[EventType "team-swiss"]
[EventRounds "9"]
[EventCountry "NED"]
[SourceTitle "CBM 215 Extra"]
[Source "ChessBase"]
[SourceDate "2023.09.30"]
[SourceVersion "1"]
[SourceVersionDate "2023.09.30"]
[SourceQuality "1"]
[WhiteTeam "Thailand"]
[BlackTeam "South Africa"]
[WhiteTeamCountry "THA"]
[BlackTeamCountry "RSA"]

1. e4 e5 2. Nf3 Nc6 3. Bb5 f5 4. 0-0 fxe4 5. Bxc6 exf3 6. Bxf3 d5 7. d3 Nf6 8. Re1 Bd6 9. Bg5 c6 10. c4 d4 11. Qb3 Qe7 12. Nd2 Bb4 13. Rad1 h6 14. Bf4 Bd6 15. Ne4 Nxe4 16. Rxe4 Bf5 17. Re2 0-0-0 18. c5 Bc7 19. Rde1 Rhe8 20. Be4 Bxe4 21. Rxe4 Rd5 22. Bd2 Qxc5 23. Qd1 Qe7 24. a3 Qf6 25. Qg4+ Kb8 26. Rf4 Qe7 27. Bb4 c5 28. Qf3 Rd7 29. Rxd4 Rxd4 30. Bc3 Rf4 31. Qe3 Ref8 32. Re2 Qf6 33. Qxc5 Qd6 34. Qe3 R4f5 35. Bb4 Qf6 36. Bxf8 Qxf8 37. d4 Bb6 38. Qg3 Bxd4 39. Rd2 Ka8 40. b4 g5 41. Kf1 h5 42. f3 g4 43. Ke2 gxf3+ 44. gxf3 Rf7 45. Rd3 a6 46. Qg5 Rf5 47. Qg3 Qf7 48. Rd2 Rf6 49. Qh3 Rc6 50. Qh4 Qg6 51. Qh3 Rc2 52. Qf1 0-1

[Event "World ol U16"]
[Site "Eindhoven"]
[Date "2023.08.15"]
[Round "4.19"]
[White "Yan, Weilun"]
[Black "Kosak, Karolina"]
[Result "1/2-1/2"]
[WhiteElo "1407"]
[BlackElo "1596"]
[PlyCount "164"]
[EventDate "2023.08.13"]
[EventType "team-swiss"]
[EventRounds "9"]
[EventCountry "NED"]
[SourceTitle "CBM 215 Extra"]
[Source "ChessBase"]
[SourceDate "2023.09.30"]
[SourceVersion "1"]
[SourceVersionDate "2023.09.30"]
[SourceQuality "1"]
[WhiteTeam "South Africa"]
[BlackTeam "Slovenia"]
[WhiteTeamCountry "RSA"]
[BlackTeamCountry "SLO"]

1. d4 f5 2. Nf3 e6 3. g3 Nf6 4. Bg2 Be7 5. 0-0 0-0 6. c4 d6 7. b3 a5 8. Bb2 a4 9. b4 Ne4 10. a3 b6 11. Nfd2 Bb7 12. Nxe4 fxe4 13. Nc3 d5 14. cxd5 exd5 15. Nxa4 Qe8 16. Nc3 Qh5 17. f3 Qg5 18. Bc1 Qh5 19. fxe4 Rxf1+ 20. Qxf1 dxe4 21. Nxe4 Nd7 22. Qf3 Qg6 23. Qb3+ Kh8 24. Nd2 Bxg2 25. Kxg2 Qd6 26. Qd3 Rf8 27. Nf3 Nf6 28. e4 Qe6 29. Bf4 c5 30. bxc5 bxc5 31. d5 Qd7 32. d6 Bd8 33. e5 Ne8 34. Rc1 Bb6 35. Rb1 Bd8 36. Qe4 Qe6 37. Ng5 Qa2+ 38. Kg1 Bxg5 39. Bxg5 Qe6 40. Rf1 Rxf1+ 41. Kxf1 Nxd6 42. Qa8+ Ne8 43. Qd8 Qxe5 44. Qe7 Qf5+ 45. Kg1 Qb1+ 46. Kf2 Qa2+ 47. Qe2 Qf7+ 48. Ke1 h6 49. Be3 Qd5 50. a4 Nd6 51. a5 Qh1+ 52. Kd2 Qd5+ 53. Qd3 Qa2+ 54. Kd1 Qa4+ 55. Ke2 Nc4 56. Bxc5 Nxa5 57. h4 Qg4+ 58. Kf2 Nc4 59. Bb4 Ne5 60. Qc3 Nc4 61. Qd3 Ne5 62. Qc3 Nc4 63. Qe1 Qd4+ 64. Kg2 Ne3+ 65. Kf3 Qxb4 66. Qxe3 Qf8+ 67. Kg2 Qf6 68. h5 Qc6+ 69. Kf2 Qf6+ 70. Kg2 Qc6+ 71. Kh3 Qd7+ 72. g4 Qf7 73. Kg3 Qc7+ 74. Kf3 Qf7+ 75. Kg2 Qb7+ 76. Kh3 Qf7 77. Qe2 Qb3+ 78. Kh4 Qf7 79. Qe3 Qf6+ 80. Kh3 Qf1+ 81. Kg3 Qf6 82. Qd3 Qe5+ 1/2-1/2

[Event "World ol U16"]
[Site "Eindhoven"]
[Date "2023.08.15"]
[Round "5.23"]
[White "Yan, Weilun"]
[Black "Mgeladze, Kesaria"]
[Result "0-1"]
[WhiteElo "1407"]
[BlackElo "2046"]
[PlyCount "72"]
[EventDate "2023.08.13"]
[EventType "team-swiss"]
[EventRounds "9"]
[EventCountry "NED"]
[SourceTitle "CBM 215 Extra"]
[Source "ChessBase"]
[SourceDate "2023.09.30"]
[SourceVersion "1"]
[SourceVersionDate "2023.09.30"]
[SourceQuality "1"]
[WhiteTeam "South Africa"]
[BlackTeam "Georgia"]
[WhiteTeamCountry "RSA"]
[BlackTeamCountry "GEO"]

1. d4 Nf6 2. Nf3 g6 3. g3 Bg7 4. Bg2 0-0 5. 0-0 d6 6. b3 c5 7. Bb2 Nc6 8. d5 Nb4 9. c4 Rb8 10. Nbd2 b5 11. a3 Na6 12. Qc2 Nc7 13. Rfe1 bxc4 14. bxc4 Bf5 15. Qc1 Rxb2 16. Qxb2 Nfxd5 17. Qb7 Bxa1 18. cxd5 Bc3 19. e4 Bd7 20. Rc1 Bg7 21. Rb1 a6 22. Bf1 Bb5 23. Nc4 f5 24. Na5 fxe4 25. Bxb5 Nxb5 26. Ng5 Qxa5 27. Qxe7 Qc7 28. Qe6+ Kh8 29. a4 Nd4 30. Qxe4 Qd7 31. Kg2 Bf6 32. Ne6 Re8 33. Qf4 Be5 34. Qh6 Nxe6 35. dxe6 Qxe6 36. Rb7 Qd5+ 0-1